Từ điển thống kê Việt - Pháp - Anh = Dictionnaire atistique Vietnamien - Francais - Anglais = Vietnamese - French - English statistics dictionary

সংরক্ষণ করুন:
গ্রন্থ-পঞ্জীর বিবরন
প্রধান লেখক: Tổng cục Thống kê
বিন্যাস: গ্রন্থ
প্রকাশিত: Thống kê 2007
ট্যাগগুলো: ট্যাগ যুক্ত করুন
কোনো ট্যাগ নেই, প্রথমজন হিসাবে ট্যাগ করুন!
Thư viện lưu trữ: Mạng thư viện Đại học Đà Nẵng
LEADER 00688nam a2200229 a 4500
001 000030344
003 32226
005 20171030145630.0
008 171030s2007
020 |c 100000 
040 |a LTT 
082 0 |a 310.03  |b TÔN 
100 1 |a Tổng cục Thống kê 
245 0 0 |a Từ điển thống kê Việt - Pháp - Anh = Dictionnaire atistique Vietnamien - Francais - Anglais = Vietnamese - French - English statistics dictionary  |c Tổng cục Thống kê. 
260 |b Thống kê  |c 2007 
OWN |a LTT 
999 |a From the UDN01 
TYP |a Monograph 
TYP |a Printed language 
980 |a Mạng thư viện Đại học Đà Nẵng